000 00817nas a2200241 4500
001 BR7903383
003 BR-BrBNA
005 20231205083750.0
007 ta
008 230509b bl.|||p| |||| 00| 00por d
040 _aBR-BrBNA
_bpor
_cBiblioteca Nacional de Agricultura
041 _a(Pt)
072 _aL72
100 1 _aEchevarria, F.A. (Unidade de Execucao de Pesquisa de Ambito Estadual de Bage, RS (Brazil)) Pinheiro, A.C.
245 1 _aAcao do disfenol e do niclofolan em bovinos [Fasciolose, Bos taurus]
650 _aPRAGA DE ANIMAL
650 _aBOVINO
650 _aFASCIOLOSE
650 _aCONTROLE QUIMICO
773 0 _tPesquisa Agropecuaria Brasileira (Brazil)
_xISSN 0100-204X
_g(Apr 1979), v. 14(2) p. 155-157
_wBR7903383
909 _a202311
_bLúcia
_c55
_dLúcia Elande
942 _2AGRIS
_n0
_cANA
999 _c101043
_d101043